Loading...
| Arts - Music | 7 | 20.00 | 100% | 86% | 14% |
| Arts - Other Arts | 6 | 23.33 | 100% | 83% | 50% |
| Arts - Painting | 4 | 17.50 | 100% | 75% | 0% |
| History - American History | 5 | 16.00 | 100% | 40% | 20% |
| History - European | 7 | 20.00 | 100% | 71% | 29% |
| History - Other History | 5 | 16.00 | 100% | 60% | 0% |
| History - World | 2 | 20.00 | 100% | 100% | 0% |
| History - World History | 7 | 14.29 | 100% | 43% | 0% |
| Literature - American Lit | 2 | 20.00 | 100% | 100% | 0% |
| Literature - British Lit | 7 | 18.57 | 100% | 71% | 14% |
| Literature - European Lit | 3 | 16.67 | 100% | 67% | 0% |
| Literature - World | 1 | 20.00 | 100% | 100% | 0% |
| Literature - World Lit | 4 | 20.00 | 100% | 75% | 25% |
| Mythology | 4 | 17.50 | 100% | 50% | 25% |
| Other - Geo/CE | 5 | 18.00 | 80% | 100% | 0% |
| Other Academic | 7 | 12.86 | 71% | 57% | 0% |
| Pop Culture | 5 | 10.00 | 80% | 0% | 20% |
| Religion | 4 | 25.00 | 100% | 100% | 50% |
| Science - Biology | 6 | 13.33 | 83% | 17% | 33% |
| Science - Chemistry | 3 | 13.33 | 67% | 67% | 0% |
| Science - Other Science | 3 | 6.67 | 67% | 0% | 0% |
| Science - Physics | 5 | 16.00 | 80% | 80% | 0% |
| Thought - Philosophy | 4 | 20.00 | 100% | 75% | 25% |
| Thought - Social Science | 5 | 18.00 | 100% | 60% | 20% |